00537nam a2200169Ia 450000500170000000800410001702000150005808200130007310000310008624500390011726000440015630000120020050000390021294200060025195200950025799900150035220250613011057.0240331s9999 xx 000 0 und d a9559052888 bWATa306 aKantha Paryeshana kendraya 0aWathman gatalu ha lankiya kanthawa aColombobWomen's Research Centre c2000 a83 p ., aCurrent Issue and Sri Lankan Women cL 001040708LaWERCLbWERCLcSSCd2024-03-31l0o 306 WATp4864r2024-03-31w2024-03-31yL c2135d2135